Sermon outlines for worship and devotional services. (Record no. 28559)
[ view plain ]
| 000 -LEADER | |
|---|---|
| fixed length control field | 00487nam a2200145 4500 |
| 008 - FIXED-LENGTH DATA ELEMENTS--GENERAL INFORMATION | |
| fixed length control field | 070213s1954 miu 001 0 eng |
| 090 ## - LOCALLY ASSIGNED LC-TYPE CALL NUMBER (OCLC); LOCAL CALL NUMBER (OCLC) | |
| Classification number (OCLC) (R) ; Classification number, CALL (RLIN) (NR) | BV4223 |
| Local cutter number (OCLC) ; Book number/undivided call number, CALL (RLIN) | B84s |
| 100 1# - MAIN ENTRY--PERSONAL NAME | |
| Personal name | Bryant, Al, |
| Dates associated with a name | 1926- |
| Relator term | ed. |
| 245 10 - TITLE STATEMENT | |
| Title | Sermon outlines for worship and devotional services. |
| 260 ## - PUBLICATION, DISTRIBUTION, ETC. (IMPRINT) | |
| Place of publication, distribution, etc | Grand Rapids : |
| Name of publisher, distributor, etc | Zondervan Pub. House, |
| Date of publication, distribution, etc | [1954] |
| 300 ## - PHYSICAL DESCRIPTION | |
| Extent | 122 p. ; |
| Dimensions | 20 cm. |
| 500 ## - GENERAL NOTE | |
| General note | Includes indexes. |
| 650 #4 - SUBJECT ADDED ENTRY--TOPICAL TERM | |
| Topical term or geographic name as entry element | Sermons |
| General subdivision | Outlines. |
| 951 ## - EQUIVALENCE OR CROSS-REFERENCE-GEOGRAPHIC NAME/AREA NAME [OBSOLETE] [CAN/MARC only] | |
| General subdivision | 00008005 |
| 951 ## - EQUIVALENCE OR CROSS-REFERENCE-GEOGRAPHIC NAME/AREA NAME [OBSOLETE] [CAN/MARC only] | |
| -- | 5672 |
| -- | BV4223/B84s |
| -- | 070613111628500 |
| -- | 2000-12-21 |
| -- | GC |
| Withdrawn status | Lost status | Damaged status | Not for loan | Home library | Current library | Shelving location | Date acquired | Accession number | Shelving control number | Total Checkouts | Full call number | Barcode | Date last seen | Price effective from | Koha item type |
|---|---|---|---|---|---|---|---|---|---|---|---|---|---|---|---|
| BSOP Library | BSOP Library | GC | 12/21/2000 | 5672 | 127 | BV4223/B84s | 00008005 | 02/23/2013 | 02/23/2013 | Books |
